Taylor Swift songs in Spotify's BILLIONS CLUB - Statistics

General Stats
  • This quiz has been taken 20 times
    5 since last reset
  • The average score is 26 of 28
Answer Stats
Date Song % Correct
March 2025 All Too Well (10 Minute Version) (Taylor's Version)
100%
July 2023 Anti-Hero
100%
February 2024 august
100%
November 2022 Blank Space
100%
August 2023 Cruel Summer
100%
July 2024 Delicate
100%
February 2024 Don't Blame Me
100%
February 2026 Enchanted
100%
June 2020 I Don't Wanna Live Forever
100%
February 2026 Karma
100%
October 2023 Look What You Made Me Do
100%
September 2023 Lover
100%
May 2025 Love Story
100%
June 2025 Love Story (Taylor's Version)
100%
March 2023 Shake It Off
100%
September 2023 Style
100%
February 2026 The Fate of Ophelia
100%
March 2026 The Man
100%
September 2024 Wildest Dreams
100%
February 2026 Wildest Dreams (Taylor's Version)
100%
November 2024 You Need To Calm Down
100%
October 2023 cardigan
75%
October 2025 exile
75%
August 2025 Fortnight
75%
February 2026 ...Ready For It?
75%
July 2025 willow
75%
November 2025 You Belong With Me (Taylor's Version)
75%
September 2025 I Knew You Were Trouble
50%
No matching quizzes found
Score Distribution
Percent of People with Each Score
Percentile by Number Answered
Your Score History
You have not taken this quiz since the last reset